| 000 | 00391nam a2200145Ia 4500 | ||
|---|---|---|---|
| 008 | 240729s9999 xx 000 0 und d | ||
| 022 | _a1179-7266 | ||
| 245 | 0 | _aPragmatic and Observational Research | |
| 260 | _aUnited Kingdom | ||
| 260 | _bDove Medical Press | ||
| 650 | _aMedicine | ||
| 856 | _uhttps://doaj.org/toc/5090202fea89467a97a214de31d8dd26 | ||
| 942 | _2ddc | ||
| 942 | _cDOAJEJ | ||
| 999 |
_c74602 _d74602 |
||
| 945 |
_a1 _bMadushi Gamage _c1 _dMadushi Gamage |
||